00622cam a22002051 45000010005000000030008000050050017000130080039000300350018000690400032000870410008001190820025001271000028001522450062001802600039002423000035002815040050003166500025003667400025003919881BD-RjUL20211208234845.0140122t1968 nyua b 001 0 eng a(BD-RjUL)9926 aDLCcDLCdDLCdBD-RjULbeng aeng00a530.41216bLEP 19681 aLevy, Robert A.,d1926-10aPrinciples of solid state physics /c[by] Robert A. Levy. aNew York :bAcademic Press,cc1968 aix, 464 p. :billus. ;c24 cm. aIncludes bibliographical reference and index. 0aSolid state physics. aSolid state physics.